[Event "Coventry International"]
[Site "Coventry"]
[Date "2025.10.31"]
[Round "9.14"]
[White "Turner, Max N"]
[Black "Arun, Nitish"]
[Result "1/2-1/2"]
[WhiteElo "2255"]
[BlackElo "2094"]
[PlyCount "63"]
[EventDate "2025.10.26"]
[EventType "swiss"]
[EventRounds "9"]
[EventCountry "ENG"]
[SourceTitle "BritBase"]
[Source "John Saunders"]
[SourceDate "2025.10.31"]
[SourceVersion "1"]
[SourceVersionDate "2025.10.31"]
[SourceQuality "1"]

1. d4 Nf6 2. c4 e6 3. Nf3 b6 4. g3 Ba6 5. b3 Bb4+ 6. Bd2 Be7 7. Nc3 Bb7 8. Bg2 d5 9. cxd5 exd5 10. O-O O-O 11. Rc1 Nbd7 12. Bf4 a6 13. Ne5 Bd6 14. Rc2 Re8 15. Nd3 Qe7 16. Qc1 Qe6 17. Re1 Rac8 18. h4 Ne4 19. Bxd6 Qxd6 20. Nf4 f5 21. Nxe4 fxe4 22. e3 c6 23. Qd1 Rc7 24. Qe2 Bc8 25. Bh3 a5 26. Rec1 Nf6 27. Bxc8 Rexc8 28. Qa6 Rb8 29. Qe2 Rbc8 30. Qa6 Rb8 31. Qf1 Rbc8 32. Qa6 1/2-1/2

[Event "Coventry International"]
[Site "Coventry"]
[Date "2025.10.31"]
[Round "9.15"]
[White "Talab, Rami"]
[Black "Fellowes, Billy"]
[Result "1-0"]
[WhiteElo "2052"]
[BlackElo "2184"]
[PlyCount "149"]
[EventDate "2025.10.26"]
[EventType "swiss"]
[EventRounds "9"]
[EventCountry "ENG"]
[SourceTitle "BritBase"]
[Source "John Saunders"]
[SourceDate "2025.10.31"]
[SourceVersion "1"]
[SourceVersionDate "2025.10.31"]
[SourceQuality "1"]

1. d4 Nf6 2. Nf3 g6 3. c4 Bg7 4. Nc3 O-O 5. e4 d6 6. Be2 e5 7. dxe5 dxe5 8. Qxd8 Rxd8 9. Bg5 Re8 10. Nd5 Nxd5 11. cxd5 c6 12. Bc4 cxd5 13. Bxd5 Nd7 14. Nd2 Nc5 15. Nc4 Be6 16. Nd6 Reb8 17. O-O-O Bf8 18. Bxe6 Nxe6 19. Bf6 Bg7 20. Bxg7 Kxg7 21. Kb1 Kf6 22. Rhf1 Ke7 23. g3 Nd4 24. Nc4 Nf3 25. Ne3 Rd8 26. Nd5+ Kf8 27. h4 Rac8 28. Rd3 Nh2 29. Re1 Ng4 30. f3 Nf6 31. Red1 Ne8 32. b3 h5 33. Kb2 Ng7 34. g4 Rd6 35. g5 Rcd8 36. Rc3 Ne6 37. Rdc1 Nd4 38. Rc7 Rc6 39. Rc3 Rxc7 40. Nxc7 Rd6 41. Nd5 Rc6 42. Rd3 Rc2+ 43. Kb1 Rh2 44. Rc3 Nc6 45. b4 a6 46. a4 Rxh4 47. b5 axb5 48. axb5 Ne7 49. Nf6 Rh1+ 50. Kb2 Rh2+ 51. Kc1 Rh1+ 52. Kb2 Rh2+ 53. Kc1 Rh1+ 54. Kd2 Rb1 55. Rd3 Rb2+ 56. Ke1 Rb1+ 57. Kf2 Rb2+ 58. Kg1 Rb1+ 59. Kg2 Rb2+ 60. Kh3 Ng8 61. Rd8+ Ke7 62. Rxg8 Rxb5 63. Nd5+ Kd6 64. Rf8 Rb3 65. Rxf7 b5 66. Rf6+ Kc5 67. Kg3 b4 68. Rxg6 Rb1 69. Rb6 Rg1+ 70. Kh2 Rxg5 71. Rxb4 h4 72. Rb3 Rg3 73. Ne7 Kc4 74. Re3 Rg5 75. Nf5 1-0

[Event "Coventry International"]
[Site "Coventry"]
[Date "2025.10.31"]
[Round "9.16"]
[White "Mirzoeva, Elmira"]
[Black "Shivakumar, Akshath"]
[Result "1-0"]
[WhiteElo "2300"]
[BlackElo "1872"]
[PlyCount "57"]
[EventDate "2025.10.26"]
[EventType "swiss"]
[EventRounds "9"]
[EventCountry "ENG"]
[SourceTitle "BritBase"]
[Source "John Saunders"]
[SourceDate "2025.10.31"]
[SourceVersion "1"]
[SourceVersionDate "2025.10.31"]
[SourceQuality "1"]

1. e4 c5 2. Be2 Nc6 3. f4 e6 4. Nf3 d5 5. d3 Nf6 6. e5 Nd7 7. O-O Be7 8. c4 Nb6 9. Nc3 Nd4 10. Nxd4 cxd4 11. Nb1 Nd7 12. cxd5 exd5 13. Nd2 f5 14. Bf3 Nc5 15. Nb3 Ne6 16. g4 Nc5 17. Nxd4 Qb6 18. Be3 fxg4 19. Bxd5 g3 20. hxg3 Qg6 21. Kg2 Bh4 22. Ne2 Nxd3 23. f5 Bxf5 24. Qa4+ Bd7 25. Qxh4 Nxe5 26. Qd4 Qh5 27. Nf4 Qf5 28. Ne6 Qc2+ 29. Rf2 1-0

[Event "Coventry International"]
[Site "Coventry"]
[Date "2025.10.31"]
[Round "9.17"]
[White "Ward, Cian"]
[Black "Lewis, Andrew P"]
[Result "1/2-1/2"]
[WhiteElo "1909"]
[BlackElo "2268"]
[PlyCount "89"]
[EventDate "2025.10.26"]
[EventType "swiss"]
[EventRounds "9"]
[EventCountry "ENG"]
[SourceTitle "BritBase"]
[Source "John Saunders"]
[SourceDate "2025.10.31"]
[SourceVersion "1"]
[SourceVersionDate "2025.10.31"]
[SourceQuality "1"]

1. e4 c5 2. Nf3 e6 3. c3 Nf6 4. e5 Nd5 5. d4 cxd4 6. cxd4 b6 7. Nc3 Nxc3 8. bxc3 Qc7 9. Bd2 Bb7 10. Bd3 d6 11. O-O Nd7 12. Ng5 dxe5 13. Qh5 g6 14. Qh3 Be7 15. Rfe1 Rc8 16. Rad1 Bxg5 17. Bxg5 Qxc3 18. dxe5 O-O 19. Re3 Qb2 20. Qh6 Rc1 21. Rf1 Rxf1+ 22. Bxf1 Rc8 23. Rd3 Nxe5 24. Rb3 Qd4 25. Rh3 Qxf2+ 26. Kxf2 Ng4+ 27. Kg1 Nxh6 28. Bxh6 f6 29. Ra3 a6 30. Be3 b5 31. Rd3 Bd5 32. a3 g5 33. Bd4 Kf7 34. Rc3 Rxc3 35. Bxc3 e5 36. Kf2 Ke6 37. g4 f5 38. gxf5+ Kxf5 39. Ke3 h5 40. Bd3+ e4 41. Be2 g4 42. Be1 Bb7 43. Bg3 Kg5 44. Bf4+ Kf5 45. Bg3 1/2-1/2

[Event "Coventry International"]
[Site "Coventry"]
[Date "2025.10.31"]
[Round "9.18"]
[White "Dicen, Elis Denele"]
[Black "Doran, Chris"]
[Result "1-0"]
[WhiteElo "2123"]
[BlackElo "1972"]
[PlyCount "63"]
[EventDate "2025.10.26"]
[EventType "swiss"]
[EventRounds "9"]
[EventCountry "ENG"]
[SourceTitle "BritBase"]
[Source "John Saunders"]
[SourceDate "2025.10.31"]
[SourceVersion "1"]
[SourceVersionDate "2025.10.31"]
[SourceQuality "1"]

1. d4 Nf6 2. c4 g6 3. Nc3 Bg7 4. e4 d6 5. h3 O-O 6. Be3 e5 7. d5 a5 8. g4 Na6 9. Nge2 c6 10. f3 cxd5 11. cxd5 Bd7 12. Ng3 Nc5 13. Qd2 Rc8 14. h4 a4 15. h5 Qa5 16. g5 Ne8 17. Rb1 Qb4 18. a3 Qa5 19. Qh2 Nb3 20. Be2 Rxc3 21. bxc3 Qxc3+ 22. Kf2 b5 23. hxg6 fxg6 24. Qxh7+ Kf7 25. Rh6 Nc5 26. Rxg6 Nd3+ 27. Bxd3 Qxd3 28. Rc1 b4 29. Nh5 Rg8 30. Nf6 Rh8 31. Rxg7+ Nxg7 32. Qxh8 1-0

[Event "Coventry International"]
[Site "Coventry"]
[Date "2025.10.31"]
[Round "9.19"]
[White "Keerthi Kumar, Advait"]
[Black "Burrows, Martin P"]
[Result "0-1"]
[WhiteElo "1968"]
[BlackElo "2088"]
[PlyCount "84"]
[EventDate "2025.10.26"]
[EventType "swiss"]
[EventRounds "9"]
[EventCountry "ENG"]
[SourceTitle "BritBase"]
[Source "John Saunders"]
[SourceDate "2025.10.31"]
[SourceVersion "1"]
[SourceVersionDate "2025.10.31"]
[SourceQuality "1"]

1. e4 c5 2. Nf3 d6 3. d4 cxd4 4. Nxd4 Nf6 5. Nc3 a6 6. Be3 e5 7. Nb3 Be7 8. Be2 Be6 9. Bf3 O-O 10. O-O Nbd7 11. Qd3 Rc8 12. Nd5 Bxd5 13. exd5 e4 14. Bxe4 Ne5 15. Qd4 Rc4 16. Qa7 Nxe4 17. Qxb7 Rxc2 18. Nd4 Qc7 19. Qb3 Rc4 20. f4 Ng4 21. Nc6 Nxe3 22. Qxe3 Bf6 23. b3 Rxc6 24. dxc6 Bxa1 25. Qxe4 Bf6 26. Qc4 a5 27. a3 Rc8 28. Rc1 Bb2 29. Rc2 Bxa3 30. f5 Bc5+ 31. Kh1 Qxc6 32. f6 Re8 33. Re2 Rxe2 34. Qxe2 gxf6 35. h4 Qd7 36. Qf3 Qe6 37. Qg3+ Kf8 38. h5 h6 39. Qc3 Qf5 40. g3 Qf1+ 41. Kh2 Bg1+ 42. Kh1 Bd4+ 0-1

[Event "Coventry International"]
[Site "Coventry"]
[Date "2025.10.31"]
[Round "9.20"]
[White "Sasikumar, Srivathsan"]
[Black "Ireland, David J"]
[Result "1-0"]
[WhiteElo "2021"]
[BlackElo "1956"]
[PlyCount "85"]
[EventDate "2025.10.26"]
[EventType "swiss"]
[EventRounds "9"]
[EventCountry "ENG"]
[SourceTitle "BritBase"]
[Source "John Saunders"]
[SourceDate "2025.10.31"]
[SourceVersion "1"]
[SourceVersionDate "2025.10.31"]
[SourceQuality "1"]

1. e4 c5 2. Nf3 a6 3. d4 cxd4 4. Nxd4 Nf6 5. Nc3 e5 6. Nb3 Bb4 7. Bd3 d5 8. exd5 Nxd5 9. Bd2 Bxc3 10. bxc3 Nc6 11. O-O O-O 12. Qe2 Qe7 13. Bxh7+ Kxh7 14. Qe4+ Kg8 15. Qxd5 Bf5 16. Rfc1 Rfd8 17. Qf3 Bg6 18. Be3 Qc7 19. Nc5 Na5 20. Rab1 b5 21. Qg3 Rd6 22. Qf3 Rc8 23. Rd1 Bxc2 24. Rxd6 Qxd6 25. Rc1 Bg6 26. Rd1 Qb6 27. h4 Rxc5 28. Qa8+ Kh7 29. Rd8 Bh5 30. Rh8+ Kg6 31. g4 Bxg4 32. Qf8 Nb7 33. Rh6+ gxh6 34. Qxh6+ Kf5 35. Qxb6 Rxc3 36. Qxb7 Bh5 37. Qxa6 Bf3 38. Qxb5 Rc6 39. h5 Rd6 40. Qb1+ e4 41. Qb5+ Kg4 42. Qg5+ Kh3 43. Qg3# 1-0

[Event "Coventry International"]
[Site "Coventry"]
[Date "2025.10.31"]
[Round "9.21"]
[White "Brett, Andrew R"]
[Black "Vaidyanathan, Avinash"]
[Result "1/2-1/2"]
[WhiteElo "2034"]
[BlackElo "1949"]
[PlyCount "62"]
[EventDate "2025.10.26"]
[EventType "swiss"]
[EventRounds "9"]
[EventCountry "ENG"]
[SourceTitle "BritBase"]
[Source "John Saunders"]
[SourceDate "2025.10.31"]
[SourceVersion "1"]
[SourceVersionDate "2025.10.31"]
[SourceQuality "1"]

1. d4 Nf6 2. c4 e6 3. Nf3 d5 4. g3 dxc4 5. Bg2 c6 6. Ne5 Be7 7. O-O O-O 8. a4 Nbd7 9. Nxc4 Nb6 10. Nxb6 axb6 11. Na3 Re8 12. e4 Bd7 13. Be3 c5 14. b3 Bc6 15. f3 cxd4 16. Bxd4 Bc5 17. Bxc5 bxc5 18. Qxd8 Rexd8 19. Rfc1 Rd3 20. Rab1 Rad8 21. Nc4 Nd7 22. Kf2 Nb8 23. Bf1 R3d4 24. Be2 f6 25. Ne3 Nd7 26. Rc3 Kf7 27. Rbc1 g5 28. h3 h5 29. Nc2 Rd6 30. Ne3 Rd4 31. Nc2 Rd6 1/2-1/2

[Event "Coventry International"]
[Site "Coventry"]
[Date "2025.10.31"]
[Round "9.22"]
[White "Latt, Maung M"]
[Black "Parikh, Naavya"]
[Result "1-0"]
[WhiteElo "2140"]
[BlackElo "1846"]
[PlyCount "111"]
[EventDate "2025.10.26"]
[EventType "swiss"]
[EventRounds "9"]
[EventCountry "ENG"]
[SourceTitle "BritBase"]
[Source "John Saunders"]
[SourceDate "2025.10.31"]
[SourceVersion "1"]
[SourceVersionDate "2025.10.31"]
[SourceQuality "1"]

1. d4 d5 2. Nf3 Nf6 3. Bf4 Bf5 4. e3 e6 5. c3 Bd6 6. Bg3 O-O 7. Nbd2 Nfd7 8. a4 a5 9. Nh4 Qf6 10. Nxf5 exf5 11. Qf3 Bxg3 12. hxg3 Qe6 13. Bd3 g6 14. Qf4 c6 15. Qh6 Nf6 16. Nf3 Re8 17. Ng5 Qd6 18. Nxh7 Nxh7 19. Qxh7+ Kf8 20. Qh6+ Ke7 21. Qg5+ Qf6 22. Qf4 Nd7 23. Kd2 Qd6 24. Qxd6+ Kxd6 25. Rh6 Ke7 26. f3 Nf6 27. Rb1 Kf8 28. Rh8+ Ke7 29. Rxe8+ Nxe8 30. b3 Nf6 31. Ke2 Kd6 32. Kf2 b6 33. b4 axb4 34. Rxb4 Nd7 35. Bc2 c5 36. Rb2 Kc6 37. Rb1 Nf6 38. Bd3 c4 39. Bc2 Ne8 40. e4 fxe4 41. fxe4 Nf6 42. e5 Nh7 43. Ke3 Ng5 44. Rf1 Re8 45. Kf4 Ne6+ 46. Kg4 Re7 47. Rh1 Nd8 48. Kg5 Re6 49. Bd1 Re7 50. Rh8 Kc7 51. Bg4 Ne6+ 52. Kf6 Kd7 53. Ra8 Re8 54. Rxe8 Kxe8 55. Bxe6 fxe6 56. Kxe6 1-0

[Event "Coventry International"]
[Site "Coventry"]
[Date "2025.10.31"]
[Round "9.23"]
[White "Ratcliffe, James"]
[Black "Lishoy Gengis Paratazham, Dildarav"]
[Result "1/2-1/2"]
[WhiteElo "1773"]
[BlackElo "2017"]
[PlyCount "79"]
[EventDate "2025.10.26"]
[EventType "swiss"]
[EventRounds "9"]
[EventCountry "ENG"]
[SourceTitle "BritBase"]
[Source "John Saunders"]
[SourceDate "2025.10.31"]
[SourceVersion "1"]
[SourceVersionDate "2025.10.31"]
[SourceQuality "1"]

1. e4 d6 2. d4 Nf6 3. Nc3 e5 4. dxe5 dxe5 5. Qxd8+ Kxd8 6. Bg5 Be6 7. O-O-O+ Nbd7 8. Nf3 Bd6 9. Bb5 Kc8 10. Rhe1 a6 11. Ba4 h6 12. Be3 b5 13. Bb3 Bxb3 14. axb3 Kb7 15. Nd2 Rad8 16. f3 Nf8 17. Nf1 Ne6 18. Ng3 g6 19. Nd5 Nxd5 20. Rxd5 c6 21. Rd2 h5 22. Red1 Kc7 23. Ne2 Rhe8 24. c3 Rd7 25. Kc2 Red8 26. b4 f6 27. Nc1 c5 28. bxc5 Bxc5 29. Rxd7+ Rxd7 30. Rxd7+ Kxd7 31. Bxc5 Nxc5 32. b4 Ne6 33. Nd3 Kd6 34. Kd2 Kc6 35. Ke3 Kd6 36. g3 Nd8 37. f4 Nb7 38. fxe5+ fxe5 39. c4 bxc4 40. Nb2 1/2-1/2

[Event "Coventry International"]
[Site "Coventry"]
[Date "2025.10.31"]
[Round "9.24"]
[White "Dupuis, Denis K"]
[Black "Sherwood, Gabriel"]
[Result "1-0"]
[WhiteElo "2013"]
[BlackElo "1851"]
[PlyCount "175"]
[EventDate "2025.10.26"]
[EventType "swiss"]
[EventRounds "9"]
[EventCountry "ENG"]
[SourceTitle "BritBase"]
[Source "John Saunders"]
[SourceDate "2025.10.31"]
[SourceVersion "1"]
[SourceVersionDate "2025.10.31"]
[SourceQuality "1"]

1. e4 e5 2. Nf3 Nc6 3. Bc4 Nf6 4. d3 Bc5 5. c3 d6 6. h3 h6 7. O-O a5 8. d4 Ba7 9. dxe5 Nxe5 10. Nxe5 dxe5 11. Qxd8+ Kxd8 12. Nd2 Ke7 13. b3 Bc5 14. Nf3 Bd6 15. Re1 Be6 16. Nd2 Rhd8 17. a4 c6 18. Kf1 Bxc4+ 19. Nxc4 Bc7 20. f3 b5 21. Ne3 g6 22. Ke2 Nh5 23. Nf1 Nf4+ 24. Bxf4 exf4 25. Red1 Rxd1 26. Kxd1 Be5 27. Rc1 Ke6 28. Kc2 h5 29. Rd1 g5 30. Rd3 Rg8 31. Nh2 Rb8 32. Rd2 f6 33. Nf1 Rg8 34. Re2 Rg7 35. Rd2 Rg8 36. Kd3 Rd8+ 37. Kc2 Rg8 38. Re2 Kd6 39. Nd2 Kc5 40. Re1 Rd8 41. Rb1 Rg8 42. b4+ axb4 43. cxb4+ Kb6 44. a5+ Ka6 45. Nb3 Bd6 46. Nd4 Rc8 47. Nf5 Bf8 48. Kb3 c5 49. bxc5 Rxc5 50. Rd1 b4 51. Rd8 Rc3+ 52. Kb2 Bc5 53. Ra8+ Kb7 54. Rd8 Ra3 55. Rd7+ Kc6 56. Rf7 Kb5 57. Rxf6 Rxa5 58. Rf7 Kc4 59. Rc7 b3 60. Nd6+ Kd4 61. Nb7 Ba3+ 62. Kxb3 Ra7 63. Rg7 Bf8 64. Rf7 Ke3 65. Rc7 Kf2 66. Rc2+ Kg3 67. Nd8 Ra1 68. Ne6 Be7 69. Ng7 Bd8 70. Nxh5+ Kh2 71. Kc4 Ra5 72. Ng7 Bb6 73. Kb4 Re5 74. Nf5 Bg1 75. Nh6 Re8 76. Re2 Re6 77. Nf7 Rg6 78. e5 Be3 79. Kc4 Re6 80. Kd5 Ra6 81. Nxg5 Rg6 82. Ne4 Bb6 83. g3+ Kxh3 84. gxf4 Bd8 85. f5 Ra6 86. f6 Ra7 87. Ke6 Rh7 88. Ng5+ 1-0

[Event "Coventry International"]
[Site "Coventry"]
[Date "2025.10.31"]
[Round "9.25"]
[White "Sieczkowski, Adam"]
[Black "Hariharan, Shambavi"]
[Result "1-0"]
[WhiteElo "1909"]
[BlackElo "1989"]
[PlyCount "133"]
[EventDate "2025.10.26"]
[EventType "swiss"]
[EventRounds "9"]
[EventCountry "ENG"]
[SourceTitle "BritBase"]
[Source "John Saunders"]
[SourceDate "2025.10.31"]
[SourceVersion "1"]
[SourceVersionDate "2025.10.31"]
[SourceQuality "1"]

1. d4 Nf6 2. c4 e6 3. Nc3 Bb4 4. e3 c5 5. dxc5 Bxc3+ 6. bxc3 Qa5 7. Qc2 O-O 8. Rb1 Qxc5 9. Rb5 Qc7 10. c5 d6 11. cxd6 Qxd6 12. Nf3 Nc6 13. c4 e5 14. Bb2 Re8 15. Be2 Bg4 16. Rxb7 Bxf3 17. gxf3 Na5 18. Rb5 Nc6 19. O-O Qe6 20. Kh1 a6 21. Rb3 Rac8 22. Rg1 Na5 23. Rc3 Rc6 24. Qa4 Nb7 25. Rcc1 Rec8 26. Rg5 Rc5 27. Ba3 R5c6 28. Qc2 Ne8 29. f4 exf4 30. Bg4 Qf6 31. Bxc8 Rxc8 32. Qf5 Qc6+ 33. Qd5 Qc7 34. Rb1 Nd8 35. Qc5 Ne6 36. Qxc7 N8xc7 37. Rgg1 fxe3 38. fxe3 Ne8 39. Rb6 h6 40. Rgb1 Rxc4 41. Rb8 N6c7 42. Bd6 Kh7 43. Bxc7 Nxc7 44. Rc8 Rc3 45. Rb7 Nd5 46. Rxc3 Nxc3 47. Rb2 f6 48. Kg2 Kg6 49. Kf3 Kf5 50. Rc2 Nb5 51. Rc6 g5 52. Rxa6 Nc3 53. Ra5+ Ke6 54. Kg4 Nd5 55. Ra3 f5+ 56. Kh5 f4 57. exf4 gxf4 58. Kxh6 Ke5 59. Kg5 Ke4 60. h4 f3 61. Ra7 f2 62. Rf7 Ke3 63. h5 Nc3 64. h6 Ne4+ 65. Kg6 Ng3 66. h7 f1=Q 67. Rxf1 1-0

[Event "Coventry International"]
[Site "Coventry"]
[Date "2025.10.31"]
[Round "9.26"]
[White "Hindol, Ghosh"]
[Black "Udovenko, Daniel Alexander"]
[Result "0-1"]
[WhiteElo "1866"]
[BlackElo "1945"]
[PlyCount "108"]
[EventDate "2025.10.26"]
[EventType "swiss"]
[EventRounds "9"]
[EventCountry "ENG"]
[SourceTitle "BritBase"]
[Source "John Saunders"]
[SourceDate "2025.10.31"]
[SourceVersion "1"]
[SourceVersionDate "2025.10.31"]
[SourceQuality "1"]

1. e4 c5 2. Nf3 d6 3. d4 cxd4 4. Nxd4 Nf6 5. Nc3 a6 6. Bg5 Nbd7 7. f4 Qc7 8. Qf3 h6 9. Bh4 g5 10. fxg5 hxg5 11. Bg3 g4 12. Qf2 Nc5 13. Bd3 Nxd3+ 14. cxd3 Qb6 15. O-O Rh7 16. Rac1 Bh6 17. Rc2 Bg5 18. e5 dxe5 19. Bxe5 Be6 20. Re2 Rd8 21. Kh1 Rd7 22. Na4 Qa7 23. Nxe6 Qxf2 24. Rfxf2 fxe6 25. Nc5 Rd5 26. Nxe6 Rxd3 27. Rf1 Bh4 28. g3 Bxg3 29. Bxg3 Rxg3 30. Ng5 Rh5 31. Rxf6 Rd3 32. Rf5 g3 33. Rfe5 Kd7 34. Nf3 Rh7 35. Rg5 Rxf3 36. Rd2+ Kc7 37. Kg2 gxh2 38. Rd1 Re3 39. Rc5+ Kb6 40. Rc2 Re5 41. Kh1 Re4 42. a3 e5 43. b4 Re3 44. a4 Rh4 45. Rb2 Ree4 46. a5+ Kb5 47. Rd5+ Kc6 48. Rc5+ Kd6 49. Rd2+ Ke6 50. Rd1 Rc4 51. Rcd5 Rhd4 52. R1xd4 Rxd4 53. Rc5 Rxb4 54. Kxh2 Rb5 0-1

[Event "Coventry International"]
[Site "Coventry"]
[Date "2025.10.31"]
[Round "9.27"]
[White "Young, Daniel J"]
[Black "Amir, Zain"]
[Result "1-0"]
[WhiteElo "1933"]
[BlackElo "1690"]
[PlyCount "45"]
[EventDate "2025.10.26"]
[EventType "swiss"]
[EventRounds "9"]
[EventCountry "ENG"]
[SourceTitle "BritBase"]
[Source "John Saunders"]
[SourceDate "2025.10.31"]
[SourceVersion "1"]
[SourceVersionDate "2025.10.31"]
[SourceQuality "1"]

1. e4 Nc6 2. Nf3 d6 3. d4 Nf6 4. Nc3 Bg4 5. Be3 e6 6. h3 Bh5 7. g4 Bg6 8. d5 exd5 9. exd5 Ne5 10. Nd2 h6 11. f4 Ned7 12. f5 Bh7 13. Qe2 Ne5 14. O-O-O Be7 15. Qb5+ c6 16. Qxb7 Rb8 17. Qxa7 cxd5 18. Bb5+ Nfd7 19. Bxd7+ Nxd7 20. Nxd5 O-O 21. Kb1 Bf6 22. Nxf6+ Qxf6 23. Qd4 1-0

[Event "Coventry International"]
[Site "Coventry"]
[Date "2025.10.31"]
[Round "9.28"]
[White "Edwards, Rhys"]
[Black "Ranasinghe, Chaniru"]
[Result "1-0"]
[WhiteElo "1751"]
[BlackElo "1805"]
[PlyCount "62"]
[EventDate "2025.10.26"]
[EventType "swiss"]
[EventRounds "9"]
[EventCountry "ENG"]
[SourceTitle "BritBase"]
[Source "John Saunders"]
[SourceDate "2025.10.31"]
[SourceVersion "1"]
[SourceVersionDate "2025.10.31"]
[SourceQuality "1"]

1. d4 Nf6 2. Bg5 g6 3. Bxf6 exf6 4. e3 Bg7 5. g3 d6 6. Bg2 O-O 7. Ne2 c5 8. c3 Nd7 9. O-O Rb8 10. Na3 b5 11. Nc2 Bb7 12. a3 Qc7 13. Nf4 Bxg2 14. Kxg2 f5 15. Nd5 Qb7 16. Qf3 Rfe8 17. Nf4 Re4 18. h4 h6 19. Nh3 c4 20. Kg1 Nf6 21. Rfe1 Nh7 22. Re2 a5 23. Rc1 Qd7 24. Qg2 d5 25. Rce1 g5 26. hxg5 hxg5 27. f3 Re7 28. g4 fxg4 29. fxg4 Rbe8 30. e4 dxe4 31. Ne3 Qd5 1-0

[Event "Coventry International"]
[Site "Coventry"]
[Date "2025.10.31"]
[Round "9.29"]
[White "Sandhu, Manvith"]
[Black "Swiatkowski, Aram"]
[Result "1/2-1/2"]
[WhiteElo "1937"]
[BlackElo "1860"]
[PlyCount "28"]
[EventDate "2025.10.26"]
[EventType "swiss"]
[EventRounds "9"]
[EventCountry "ENG"]
[SourceTitle "BritBase"]
[Source "John Saunders"]
[SourceDate "2025.10.31"]
[SourceVersion "1"]
[SourceVersionDate "2025.10.31"]
[SourceQuality "1"]

1. e4 e6 2. d4 d5 3. Nc3 Bb4 4. a3 Bxc3+ 5. bxc3 dxe4 6. Qg4 Qf6 7. Qxe4 Qg6 8. Bd3 Qxe4+ 9. Bxe4 Nf6 10. Bf3 Nbd7 11. Bf4 c6 12. Ne2 h6 13. h4 Nb6 14. Nc1 Nfd5 1/2-1/2

[Event "Coventry International"]
[Site "Coventry"]
[Date "2025.10.31"]
[Round "9.30"]
[White "Vaidyanathan, Sathya"]
[Black "McMahon, Paul"]
[Result "1/2-1/2"]
[WhiteElo "1770"]
[BlackElo "1894"]
[PlyCount "45"]
[EventDate "2025.10.26"]
[EventType "swiss"]
[EventRounds "9"]
[EventCountry "ENG"]
[SourceTitle "BritBase"]
[Source "John Saunders"]
[SourceDate "2025.10.31"]
[SourceVersion "1"]
[SourceVersionDate "2025.10.31"]
[SourceQuality "1"]

1. e4 e5 2. Nf3 Nc6 3. d4 exd4 4. Nxd4 Bc5 5. Nb3 Bb6 6. Nc3 d6 7. Qe2 Be6 8. Be3 Bxe3 9. Qxe3 Nf6 10. f3 Ne5 11. O-O-O O-O 12. g4 Re8 13. h3 c6 14. f4 Nc4 15. Qd4 Nb6 16. Bg2 Bxb3 17. axb3 d5 18. e5 Nfd7 19. Qf2 f6 20. exf6 Qxf6 21. g5 Qd6 22. h4 Qc5 23. Qxc5 1/2-1/2

[Event "Coventry International"]
[Site "Coventry"]
[Date "2025.10.31"]
[Round "9.31"]
[White "Swiatkowski, Dominik"]
[Black "Manickam, Saravanna Bava"]
[Result "1-0"]
[WhiteElo "1891"]
[BlackElo "1808"]
[PlyCount "61"]
[EventDate "2025.10.26"]
[EventType "swiss"]
[EventRounds "9"]
[EventCountry "ENG"]
[SourceTitle "BritBase"]
[Source "John Saunders"]
[SourceDate "2025.10.31"]
[SourceVersion "1"]
[SourceVersionDate "2025.10.31"]
[SourceQuality "1"]

1. e4 b6 2. d4 e6 3. Nf3 Bb7 4. Bd3 Nf6 5. Nbd2 d5 6. e5 Ne4 7. Qe2 Nxd2 8. Bxd2 c5 9. c3 Qc8 10. O-O Ba6 11. Bf4 Bxd3 12. Qxd3 Nd7 13. Bg3 Be7 14. Nd2 c4 15. Qe2 h5 16. f4 g6 17. Rae1 b5 18. Nf3 Qd8 19. Bf2 Kf8 20. Be3 Kg7 21. Ng5 Rb8 22. Qf3 b4 23. Qg3 Rb6 24. Bd2 bxc3 25. Bxc3 Rc6 26. Re3 a5 27. h4 a4 28. a3 Nf8 29. Ref3 Qb8 30. f5 exf5 31. Rxf5 1-0

[Event "Coventry International"]
[Site "Coventry"]
[Date "2025.10.31"]
[Round "9.33"]
[White "Liu, Jacob"]
[Black "Patel, Devan"]
[Result "0-1"]
[WhiteElo "1902"]
[BlackElo "1938"]
[PlyCount "62"]
[EventDate "2025.10.26"]
[EventType "swiss"]
[EventRounds "9"]
[EventCountry "ENG"]
[SourceTitle "BritBase"]
[Source "John Saunders"]
[SourceDate "2025.10.31"]
[SourceVersion "1"]
[SourceVersionDate "2025.10.31"]
[SourceQuality "1"]

1. e4 e5 2. Nf3 Nc6 3. Bc4 Nf6 4. Ng5 d5 5. exd5 Na5 6. Bb5+ c6 7. dxc6 bxc6 8. Bd3 Nd5 9. Nf3 Bd6 10. O-O O-O 11. Re1 f5 12. Nxe5 Qf6 13. Nf3 g5 14. c3 g4 15. Nd4 Bd7 16. b4 Qh6 17. g3 f4 18. Nf5 Bxf5 19. Bxf5 Rxf5 20. Qxg4+ Rg5 21. Qe6+ Qxe6 22. Rxe6 Nb7 23. d3 Kf7 24. Re1 h5 25. a3 h4 26. c4 hxg3 27. cxd5 gxh2+ 28. Kh1 Rag8 29. Re4 Rg1+ 30. Kxh2 f3+ 31. Kh3 Rh1# 0-1

[Event "Coventry International"]
[Site "Coventry"]
[Date "2025.10.31"]
[Round "9.34"]
[White "Lazarus, Simon E"]
[Black "Dissanayake, Sathsara"]
[Result "1-0"]
[WhiteElo "1910"]
[BlackElo "1845"]
[PlyCount "106"]
[EventDate "2025.10.26"]
[EventType "swiss"]
[EventRounds "9"]
[EventCountry "ENG"]
[SourceTitle "BritBase"]
[Source "John Saunders"]
[SourceDate "2025.10.31"]
[SourceVersion "1"]
[SourceVersionDate "2025.10.31"]
[SourceQuality "1"]

1. d4 Nf6 2. c4 g6 3. Nc3 Bg7 4. e4 d6 5. Be2 O-O 6. Bg5 c5 7. d5 e6 8. Qd2 exd5 9. exd5 Qa5 10. Nf3 Re8 11. O-O Bf5 12. Rfe1 Nbd7 13. Nh4 Ne5 14. Nxf5 gxf5 15. Bxf6 Bxf6 16. Qc2 Ng6 17. Bd3 f4 18. Rxe8+ Rxe8 19. Ne4 Kg7 20. Nxd6 Re1+ 21. Rxe1 Qxe1+ 22. Bf1 f3 23. Qe4 Qxe4 24. Nxe4 Bd4 25. gxf3 b6 26. b3 f5 27. Nd6 Nh4 28. Be2 Be5 29. Nc8 Bb8 30. Ne7 a6 31. Nc8 Bc7 32. d6 Bd8 33. Na7 Kf8 34. Nc6 Ke8 35. Ne5 Bf6 36. f4 Kd8 37. Bh5 Bg7 38. Kf1 Bf8 39. d7 Kc7 40. Be8 Be7 41. f3 Bf6 42. Kf2 Kd8 43. Kg3 Kc7 44. Nc6 Ng6 45. d8=Q+ Bxd8 46. Nxd8 Kxd8 47. Bxg6 hxg6 48. Kh4 Ke7 49. Kg5 Kf7 50. Kh6 Kf6 51. h4 b5 52. a4 bxa4 53. bxa4 a5 1-0